00247nam a2200085Ia 4500008004100000041000800041100001100049245009200060260000900152230724s1999 xx und d aeng aASHRAE aHEATING, VENTILATING AND AIR-CONDITIONING SYSTEMS AND EQUIPMENT SI ED. ASHRAE HANDBOOK. c1999